Alain Bergounioux, Gérard Grunberg, L?ambition et le remords, les socialistes et le pouvoir (1905-2005), Fayard, L?espace du politique, 2005, 610 p., 28 ? (notice n° 1641126)
[ vue normale ]
| 000 -LEADER | |
|---|---|
| fixed length control field | 00721cam a2200157 4500500 |
| 005 - DATE AND TIME OF LATEST TRANSACTION | |
| control field | 20260201103420.0 |
| 041 ## - LANGUAGE CODE | |
| Language code of text/sound track or separate title | fre |
| 042 ## - AUTHENTICATION CODE | |
| Authentication code | dc |
| 100 10 - MAIN ENTRY--PERSONAL NAME | |
| Personal name | Martinot-Lagarde, Pierre |
| Relator term | author |
| 245 00 - TITLE STATEMENT | |
| Title | Alain Bergounioux, Gérard Grunberg, L?ambition et le remords, les socialistes et le pouvoir (1905-2005), Fayard, L?espace du politique, 2005, 610 p., 28 ? |
| 260 ## - PUBLICATION, DISTRIBUTION, ETC. | |
| Date of publication, distribution, etc. | 2006.<br/> |
| 500 ## - GENERAL NOTE | |
| General note | 49 |
| 520 ## - SUMMARY, ETC. | |
| Summary, etc. | Resumé Alors que le travail manque cruellement à beaucoup, il ne donne plus la satisfaction attendue à tous ceux qui en ont ! |
| 786 0# - DATA SOURCE ENTRY | |
| Note | Revue Projet | 291 | 2 | 2006-02-01 | p. 091h-094h | 0033-0884 |
| 856 41 - ELECTRONIC LOCATION AND ACCESS | |
| Uniform Resource Identifier | <a href="https://shs.cairn.info/revue-projet-2006-2-page-091h?lang=fr&redirect-ssocas=7080">https://shs.cairn.info/revue-projet-2006-2-page-091h?lang=fr&redirect-ssocas=7080</a> |
Pas d'exemplaire disponible.




Réseaux sociaux